000 00755cam a22002414a 4500
001 14294215
005 20130218113951.0
008 060309s2007 njua b 001 0 eng
020 _a0273754696
020 _a9780273754695
082 0 0 _a338.5
_222
_bCAS
100 1 _aCase, Karl E.
_922463
245 1 0 _aPrinciples of Microeconomics /
_cKarl E. Case, Ray C. Fair, Sharon C. Oster.
250 _a10th ed.
260 _aUpper Saddle River, NJ :
_bPearson Prentice Hall,
_cc2012.
300 _a503 p. :
_bcol. ill. ;
_c28 cm.
504 _aIncludes bibliographical references and index.
650 0 _aMicroeconomics.
_922464
653 _bBus
_cFebruary2013
700 1 _aFair, Ray C.
_922465
700 1 _aOster, Sharon C.
_932632
942 _2ddc
_cBB
999 _c17301
_d17273